Fiscal reform and structural change in developing countries (Record no. 635432)

MARC details
000 -LEADER
fixed length control field 00843nam a2200265Ia 4500
003 - CONTROL NUMBER IDENTIFIER
control field OSt
005 - DATE AND TIME OF LATEST TRANSACTION
control field 20220926021010.0
008 - FIXED-LENGTH DATA ELEMENTS--GENERAL INFORMATION
fixed length control field 220923b |||||||| |||| 00| 0 eng d
020 ## - INTERNATIONAL STANDARD BOOK NUMBER
International Standard Book Number 0312235801
037 ## - SOURCE OF ACQUISITION
Terms of availability General Book
040 ## - CATALOGING SOURCE
Original cataloging agency RTL
Transcribing agency RTL
Language of cataloging eng
041 ## - LANGUAGE CODE
Source of code eng
Language code of text/sound track or separate title eng
100 ## - MAIN ENTRY--PERSONAL NAME
Personal name Pery Guillermo Ed.
9 (RLIN) 325548
245 #0 - TITLE STATEMENT
Title Fiscal reform and structural change in developing countries
260 ## - PUBLICATION, DISTRIBUTION, ETC.
Place of publication, distribution, etc. New York
Name of publisher, distributor, etc. St. Martin U.S.A.
Date of publication, distribution, etc. 2000
300 ## - PHYSICAL DESCRIPTION
Extent 249p; 354p.
Dimensions cm.
650 ## - SUBJECT ADDED ENTRY--TOPICAL TERM
Topical term or geographic name entry element Credit Economics
9 (RLIN) 232529
700 ## - ADDED ENTRY--PERSONAL NAME
Personal name McMahon Gary Ed.
9 (RLIN) 325549
700 ## - ADDED ENTRY--PERSONAL NAME
Personal name Whalley John Ed.
9 (RLIN) 250324
942 ## - ADDED ENTRY ELEMENTS (KOHA)
Classification part X6:75.1(X).P, P0.1-.2
Koha item type General Books
Source of classification or shelving scheme Colon Classification (CC)

No items available.

Copyright @ Delhi University Library System